Management in central and local government / (Record no. 6016)
[ view plain ]
| 000 -LEADER | |
|---|---|
| fixed length control field | 00929cam a2200289 i 4500 |
| 001 - CONTROL NUMBER | |
| control field | 6016 |
| 003 - CONTROL NUMBER IDENTIFIER | |
| rucl marc code | BD-RjUL |
| 005 - DATE AND TIME OF LATEST TRANSACTION | |
| control field | 20211208234153.0 |
| 008 - FIXED-LENGTH DATA ELEMENTS--GENERAL INFORMATION | |
| fixed length control field | 140108s1979 enka b 001 0 eng |
| 020 ## - INTERNATIONAL STANDARD BOOK NUMBER | |
| International Standard Book Number | 0273009893 : |
| 035 ## - SYSTEM CONTROL NUMBER | |
| System control number | (BD-RjUL)6055 |
| 040 ## - CATALOGING SOURCE | |
| Original cataloging agency | DLC |
| Transcribing agency | DLC |
| Modifying agency | DLC |
| -- | BD-RjUL |
| Language of cataloging | eng |
| 041 ## - LANGUAGE CODE | |
| Language code of text/sound track or separate title | eng |
| 082 00 - DEWEY DECIMAL CLASSIFICATION NUMBER | |
| Classification number | 350.000941 |
| Author mark and year | BOM 1979 |
| 100 1# - MAIN ENTRY--PERSONAL NAME | |
| Personal name | Bourn, John, |
| Dates associated with a name | 1934- |
| 9 (RLIN) | 18920 |
| 245 10 - TITLE STATEMENT | |
| Title | Management in central and local government / |
| Statement of responsibility, etc. | John Bourn. |
| 260 ## - PUBLICATION, DISTRIBUTION, ETC. (IMPRINT) | |
| Place of publication, distribution, etc. | London : |
| Name of publisher, distributor, etc. | Pitman, |
| Date of publication, distribution, etc. | c1979. |
| 300 ## - PHYSICAL DESCRIPTION | |
| Pagination | xi, 268 p. : |
| Illustrations | ill. ; |
| Size | 23 cm. |
| 504 ## - BIBLIOGRAPHY, ETC. NOTE | |
| Bibliography, etc | Bibliography: p. 222. and index. |
| 650 #0 - SUBJECT ADDED ENTRY--TOPICAL TERM | |
| Topical term or geographic name as entry element | Administrative agencies |
| Geographic subdivision | Great Britain |
| General subdivision | Management. |
| 9 (RLIN) | 18922 |
| Topical term or geographic name as entry element | Local government |
| Geographic subdivision | Great Britain. |
| 9 (RLIN) | 18923 |
| 651 #0 - SUBJECT ADDED ENTRY--GEOGRAPHIC NAME | |
| Geographic name | Great Britain |
| General subdivision | Politics and government. |
| 9 (RLIN) | 18924 |
| 942 ## - ADDED ENTRY ELEMENTS (KOHA) | |
| Source of classification or shelving scheme | Dewey Decimal Classification |
| Koha item type | Books |
| Lost status | Source of classification or shelving scheme | Damaged status | Not for loan | Collection code | Permanent Location | Current Location | Shelving location | Date acquired | Source of acquisition | Cost, normal purchase price | Total Checkouts | Full call number | Date last seen | Copy number | Koha item type |
|---|---|---|---|---|---|---|---|---|---|---|---|---|---|---|---|
| Dewey Decimal Classification | Not For Loan | Non-fiction | Central Library, University of Rajshahi | Central Library, University of Rajshahi | 08/04/1982 | Helfers | 5.75 | 350.000941 BOM 1979 | 08/01/2014 | C-1 | Books |